Tradizioni e modelli nella sistemazione post-unitaria della proprietà.
Պահպանված է:
| Հիմնական հեղինակ: | |
|---|---|
| Ձևաչափ: | Գիրք |
| Հրապարակվել է: |
Milano, Italia:
Dott. A. Giuffrè Editore,
1978.
|
| Խորագրեր: | |
| Ցուցիչներ: |
Ավելացրեք ցուցիչ
Չկան պիտակներ, Եղեք առաջինը, ով նշում է այս գրառումը!
|
MARC
| LEADER | 00000nam a22000007a 4500 | ||
|---|---|---|---|
| 003 | CL-VaPUC | ||
| 005 | 20220822114614.0 | ||
| 008 | 220713t1978 ||||| |||| 00| 0 eng d | ||
| 999 | |c 436965 |d 436963 | ||
| 040 | |c Pontificia Universidad Católica de Valparaíso | ||
| 082 | |2 22 |a 346.04 GRO 1978 | ||
| 100 | 1 | |a Grossi, Paolo |e autor |9 872759 | |
| 245 | |a Tradizioni e modelli nella sistemazione post-unitaria della proprietà. | ||
| 260 | |a Milano, Italia: |b Dott. A. Giuffrè Editore, |c 1978. | ||
| 300 | |a páginas 202-338. | ||
| 500 | |a c.1 Donación Familia Prof. Alejandro Guzmán Brito. | ||
| 505 | |g Estratto dal volume Quaderni Fiorentini per la storia del pensiero giuridico moderno 5-6/1976-1977 | ||
| 583 | |c 20220713 |k Carolina Mena Serrano | ||
| 650 | |a Derecho de propiedad |x Historia del derecho |9 872760 | ||
| 942 | |2 ddc |c BK |n 0 | ||
| 952 | |0 0 |1 0 |2 ddc |4 0 |6 346_040000000000000_GRO_1978 |7 0 |8 C_AGB |9 584700 |a BIBDER |b BIBDER |d 2022-07-13 |e Donación |i 5652157 |o 346.04 GRO 1978 |p 5652157 |r 2023-01-25 |t 1 |w 2022-07-13 |y BK_US |k AGB | ||